Инициативная хозяйственная деятельность современной библиотеки; Библиотечное дело - XXI век; № 1

Dettagli Bibliografici
Parent link:Библиотечное дело - XXI век: приложение к журналу "Библиотековедение".— , 2002-
№ 1.— 2004.— С. 20-30
Autore principale: Клюев В. К. Владимир Константинович
Lingua:russo
Pubblicazione: 2004
Serie:Теория и практика: точки пересечения
Soggetti:
Natura: MixedMaterials Capitolo di libro
KOHA link:https://koha.lib.tpu.ru/cgi-bin/koha/opac-detail.pl?biblionumber=396628

MARC

LEADER 00000naa2a2200000 4500
001 396628
005 20231101064804.0
035 |a (RuTPU)RU\TPU\prd\34949 
035 |a RU\TPU\prd\34948 
090 |a 396628 
100 |a 20050414a2004 k y0rusy50 ca 
101 0 |a rus 
102 |a RU 
200 1 |a Инициативная хозяйственная деятельность современной библиотеки  |f В. К. Клюев 
225 1 |a Теория и практика: точки пересечения  |i Социально-экономические проблемы 
461 0 |0 (RuTPU)RU\TPU\prd\7961  |t Библиотечное дело - XXI век  |o приложение к журналу "Библиотековедение"  |o научно-практический сборник  |d 2002- 
463 0 |0 (RuTPU)RU\TPU\prd\30179  |t № 1  |v С. 20-30  |d 2004 
610 1 |a библиотеки 
610 1 |a инициативная хозяйственная деятельность 
610 1 |a платные услуги 
610 1 |a договоры 
700 1 |a Клюев  |b В. К.  |g Владимир Константинович 
801 1 |a RU  |b 63413507  |c 20050414  |g PSBO 
801 2 |a RU  |b 63413507  |c 20060616  |g PSBO 
942 |c BK